|
|
|
|
| LEADER |
00627cam a2200169 7i4500 |
| 001 |
0000040471 |
| 005 |
20170218090000.0 |
| 020 |
|
|
|a 9780521868532 (hbk.)
|
| 090 |
0 |
0 |
|a TA1632
|b .T78 2008
|
| 100 |
1 |
|
|a Trussell, H. J
|
| 245 |
1 |
0 |
|a Fundamentals of digital imaging
|c H.J. Trussell and M.J. Vrhel.
|
| 260 |
|
|
|a Cambridge, UK:
|b Cambridge University Press,
|c 2008.
|
| 300 |
|
|
|a xvii, 532 p.:
|b col. ill.;
|c 26 cm.
|
| 650 |
0 |
0 |
|a Image processing --
|x Digital techniques
|
| 700 |
1 |
|
|a Vrhel, M. J
|
| 997 |
|
|
|a Communication, Visual Art & Computing, Faculty
|b Computing, Department
|
| 999 |
|
|
|a 0000054197
|b BOK
|c OPEN SHELF
|e 2nd Floor, Bestari Jaya
|